Chile en el tiempo
Saved in:
| Hovedforfatter: | |
|---|---|
| Format: | Bog |
| Sprog: | spansk |
| Udgivet: |
Santiago, Chile
Nueva Universidad
1970
|
| Fag: | |
| Tags: |
Tilføj Tag
Ingen Tags, Vær først til at tagge denne postø!
|
MARC
| LEADER | 00000nam a2200000 a 4500 | ||
|---|---|---|---|
| 001 | UCO2774 | ||
| 003 | CL-VaPUC | ||
| 005 | 20231215105922.0 | ||
| 008 | 000608e19700000CL |||||||||||||||||spa|d | ||
| 999 | |c 289269 |d 289267 | ||
| 040 | |c Pontificia Universidad Católica de Valparaíso | ||
| 082 | 0 | 4 | |a 983 EYZ 1970 |2 21 |
| 100 | |a Eyzaguirre Gutiérrez, Jaime |e autor |9 584583 | ||
| 245 | 1 | 0 | |a Chile en el tiempo |
| 260 | |a Santiago, Chile |b Nueva Universidad |c 1970 | ||
| 300 | |a 160 páginas | ||
| 583 | |a last modification |c 20000608 00:00:00 |k Rodrigo Vera | ||
| 600 | 0 | |a O'higgins Riquelme, Bernardo |9 317764 | |
| 650 | 0 | |a Historia de Chile |9 265473 | |
| 650 | 0 | |a Historia de América |z CHILE |9 266076 | |
| 852 | |a BIBCUR | ||
| 942 | |c BK |2 ddc | ||
| 945 | |d 20000608 00:00:00 |a rherrera | ||
| 952 | |0 0 |1 0 |2 ddc |4 0 |6 983_000000000000000_EYZ_1970 |7 0 |8 A |9 337530 |a BIBHIS |b BIBHIS |d 2019-11-20 |i 128715K |o 983 EYZ 1970 |p 128715K |r 2025-01-20 |t 1 |w 2019-11-20 |y BK |k HIS | ||
| 952 | |0 0 |1 0 |2 ddc |4 0 |6 983_000000000000000_EYZ_1970 |7 0 |8 A |9 337531 |a BIBHIS |b BIBHIS |d 2019-11-20 |i 1287176 |o 983 EYZ 1970 |p 1287176 |r 2025-01-20 |t 2 |w 2019-11-20 |y BK |k HIS | ||
| 952 | |0 0 |1 0 |2 ddc |4 0 |6 983_000000000000000_EYZ_1970 |7 0 |8 A |9 337532 |a BIBHIS |b BIBHIS |d 2019-11-20 |i 3908186 |o 983 EYZ 1970 |p 3908186 |r 2025-01-20 |t 3 |w 2019-11-20 |y BK |k HIS | ||